1988年3月時点の特急きらめき停車駅 - Statistics

General Stats
  • This quiz has been taken 86 times
  • The average score is 7 of 8
Answer Stats
Hint Answer % Correct
22:16 福井
100%
23:03 金沢
100%
21:12 米原
97%
20:10 京都
91%
20:18 大津
91%
20:29 草津
91%
21:03 彦根
91%
20:44 近江八幡
87%
No matching quizzes found
Score Distribution
Percent of People with Each Score
Percentile by Number Answered
Your Score History
You have not taken this quiz